Ayurvediya Mansrog Chikitsha (Record no. 41437)

MARC details
000 -LEADER
fixed length control field 00343nam a22001457a 4500
008 - FIXED-LENGTH DATA ELEMENTS--GENERAL INFORMATION
fixed length control field 210422b ||||| |||| 00| 0 eng d
082 ## - DEWEY DECIMAL CLASSIFICATION NUMBER
Classification number 181.45
Item number UPA
041 ## - LANGUAGE CODE
Language code of text/sound track or separate title hin
100 ## - MAIN ENTRY--PERSONAL NAME
Personal name Upadhyaya Govind Prasad
245 ## - TITLE STATEMENT
Title Ayurvediya Mansrog Chikitsha
260 ## - PUBLICATION, DISTRIBUTION, ETC.
Place of publication, distribution, etc. Delhi
Name of publisher, distributor, etc. Chaukhamba
Date of publication, distribution, etc. 2018
300 ## - PHYSICAL DESCRIPTION
Extent 230p.
650 ## - SUBJECT ADDED ENTRY--TOPICAL TERM
Topical term or geographic name entry element YOGA
942 ## - ADDED ENTRY ELEMENTS (KOHA)
Koha item type Books
Holdings
Withdrawn status Lost status Source of classification or shelving scheme Damaged status Not for loan Home library Current library Date acquired Source of acquisition Cost, normal purchase price Total Checkouts Full call number Barcode Date last seen Date last checked out Price effective from Koha item type
    Dewey Decimal Classification     Chaudhary Ranbir Singh University Chaudhary Ranbir Singh University 09.03.2021 Indu Book Service 225.00 3 181.45 UPA 20159 03.03.2025 10.02.2025 22.04.2021 Books
    Dewey Decimal Classification     Chaudhary Ranbir Singh University Chaudhary Ranbir Singh University 09.03.2021 Indu Book Service 225.00 2 181.45 UPA 20160 07.11.2023 23.10.2023 22.04.2021 Books


Copyright © 2025 CRSU. All Rights Reserved.